01007ngm a2200313 4500003000400000005001700004007000500021008004100026010002000067024002200087035002000109040001300129082001400142245005800156260003200214300005100246440003200297500003600329500007000365538004900435538007900484650001900563700001800582700001800600700001700618700002100635700001800656700001900674dpl20100315132412.0DVD ||||||sp199 xxu|||||c ||| 00| 0 ng d  aDVD-006701-6705 c45.00aSHE 813 F2 aDVD-006701-6705 aDPLcDPL aDVD MURD aMurdercMahesh Bhatt Presentsh[videorecording] VCD/ bShemaroo Home Entertainment a2 videodisc VCD; bsd., col. ;c4 3/4 in.fVCD aShemaroo Home Entertainment aMastered From The Original Film aThis Title in Completed with 2 Disc. Not to be sold individually. aDolby Digital 5.1 - Hindi Subtitles: English aNTSC Format-All Regions, 16x9 Anamorphic (2:23.1 Aspect Ratio), Dual Layer aMotion Picture aBhatt, Mahesh aBhatt, Mukesh aBasu, Anurag aSherawat, Malika aPatel, Ashmit aHashmi, Emraan